Pierre Bourdieu : la insumisión como herencia /

Guardado en:
Otros Autores: Agoff, Irene, trad., Ernaux, Annie., Louis, Édouard, dir.
Formato: Libro
Publicado: Buenos Aires : Nueva Visión, 2015
Materias:
Etiquetas: Agregar Etiqueta
Sin Etiquetas, Sea el primero en etiquetar este registro!
LEADER 00794nam a22002175a 4500
001 EHU.bham044201
008 130507s2015##################000#0#####d
005 20221021101836.0
245 0 0 |a Pierre Bourdieu :  |b la insumisión como herencia /  |c dir. por Édouard Louis ; Annie Ernaux ... [et al.] ; trad. por Irene Agoff. 
260 |a Buenos Aires :  |b Nueva Visión,  |c 2015 
300 |a 95 p. 
020 |a 9789506026622 
700 1 |a Agoff, Irene, trad. 
700 1 |a Ernaux, Annie. 
700 1 |a Louis, Édouard, dir. 
082 3 0 |a 301.153 P614 
600 1 4 |a Bourdieu, Pierre 
653 |a Sociología-introducción a la 
653 |a Sociología-insumisión 
859 |a AR-BHAM  |b BIB. HUMANIDADES - General  |h 301.153  |i P614  |p 521.22 
859 |a AR-BHAM  |b BIB. HUMANIDADES - General  |h 301.153  |i P614  |p 433.16  |t Ej.1